000 00629nam a22001814a 4500
005 20100909120945.0
020 _a97814507566801
_c595.00
037 _bAbilash Book Centre
082 0 0 _a796.334
100 _aHill, Tim
_919113
245 1 0 _aEncyclopedia of world football
260 _bParragon
_c2009
_aBath
270 _aQueen Street House, 4 Queen Street
_bBath
300 _a383p.
_bphotos
_c26cm(Hb)
942 _2ddc
_cEN
_h796.334
_mENC
999 _c44717
_d44717